000 01841nam a2200397 c 4500
003 BLK
005 20210707134508.0
008 180408b bul|||||r ||||||| ||bul||
010 _aKNG00046404000
020 _a0-7513-8685-5
_bиздат.: Дорлинг Киндерсли Лимитед - (Великобритания)
020 _a5-85-50-576-8
_bиздат.: Слово - (Русия)
040 _aBLK
041 _aRUS
_cRUS
080 _aОръжие. Въоръжение. Артилерийско-техн. въоръжение. БТР. Стрелково оръжие. Боеприпаси и БОВ. Управляеми и неупр. ракети
_b623.4
_x
_z623.4
100 1 _aБайм, Майкл
_eпърви автор
_935410
700 1 _aКапранова, Екатерина
_eпер. с англ.
_976201
139 _aБайм, Майкл
_bБ 14
245 1 0 _aДоспехи и оружие
_cМайкл Байм; пер. с англ. Екатерина Капранова.
250 _a3. изд.
257 _aGBR
260 Лондон и др.
_bДорлинг Киндерсли Лимитед
_bСлово
_c1999
300 _a64 с
_bс цв. ил.
_c29 см
380 _aDN
490 1 _aОчевидец обо всем на свете
500 _a1. изд. 1996. - Ориг. загл. Eyewitness Guides - Arms Armour. - Други м. и. : Нью-Йорк, Штутгарт, Москва. - Азб. показалец.
650 4 _aОръжие
_9165228
653 _aоръжие
653 _aдоспехи
653 _aлитература за деца
653 _aдетска литература
852 _aЦб ІІ 10940
856 4 _qpdf
_u
856 4 _qpdf
_u
942 _cKNG
_n0
_01
944 _aCR
_c01.01.1999
_lф /
_kAB_DOS
944 _aED
_c20.08.2015
_lф /
_kЛюдмила_Стоянова
999 _c42736
_d42736